Postavenie štíhlej logistiky v podnikoch na Slovensku

Štíhla logistika ako trend zlepšovania výkonnosti podnikov na Slovensku. Definícia pojmov štíhlosť, filozofia štíhlosti, štíhly manažment, štíhla výroba, štíhla logistika a štíhly dodávateľský reťazec. Prieskum z podnikov na Slovensku týkajúci sa využívania štíhlej logistiky.

Enregistré dans:
Détails bibliographiques
Auteur principal: Richnák, Patrik, 1988-
Autres auteurs: Čambalíková, Andrea, 1990-
Format: Chapitre de livre
Langue:slovaque
Sujets:
Tags: Ajouter un tag
Pas de tags, Soyez le premier à ajouter un tag!

MARC

LEADER 00000naa$a2200000$$$4500
001 0282539
005 20240521102629.4
041 0 |a slo 
044 |a CZ 
245 1 0 |a Postavenie štíhlej logistiky v podnikoch na Slovensku  |c Patrik Richnák, Andrea Čambalíková 
520 |a Štíhla logistika ako trend zlepšovania výkonnosti podnikov na Slovensku. Definícia pojmov štíhlosť, filozofia štíhlosti, štíhly manažment, štíhla výroba, štíhla logistika a štíhly dodávateľský reťazec. Prieskum z podnikov na Slovensku týkajúci sa využívania štíhlej logistiky. 
610 2 0 |a logistika štíhla 
610 2 0 |a výroba štíhla 
610 2 0 |a výkonnosť 
610 2 0 |a podnik 
610 2 0 |a Slovensko 
100 1 |a Richnák, Patrik, 1988- 
700 1 |a Čambalíková, Andrea, 1990-